| 000 | 01062nam a2200277 a 4500 | ||
|---|---|---|---|
| 001 | BRCA_4620 | ||
| 005 | 20190320204735.0 | ||
| 008 | 270910s1934----sz-a######---#000-0#ger-# | ||
| 041 | _ager | ||
| 044 | _asz | ||
| 050 | 4 |
_aN5252 _b.G46 1934 |
|
| 245 | 1 | 0 |
_aGemälde Alter Meister _bdes 14 bis 18 Jahrhunderts _cintroducción de L. Fröhlich-Bum. |
| 260 |
_aLucerna, Suiza _bH. Gilhofer & H. Ranschburg _c1934 |
||
| 300 |
_a43 p. _bil., 32 láminas _c29 cm. |
||
| 500 | _aCatálogo de subasta de la colección del Dr. Viktor Bloch Wien, realizada el 30 de Noviembre, 1934 | ||
| 500 | _aEsculturas italianas de bronce, mármol, marfil y terracota del Renacimiento de los siglos 18-17 | ||
| 500 | _aCatálogo de subasta inventariado por Banco de México como libro | ||
| 500 | _aEstado físico: lomo y encuadernación deteriorada | ||
| 500 | _aD35 | ||
| 650 | 1 | 4 |
_aArte _xColecciones particulares _97906 |
| 650 | 1 | 4 |
_aArte _xSubastas _911695 |
| 700 | 1 |
_aFröhlich-Bum, L. _911696 |
|
| 700 | 1 |
_aWein Bloch, Viktor _911697 |
|
| 902 | _aGFM | ||
| 942 |
_2lcc _cB |
||
| 999 |
_c4325 _d4325 |
||